Normal view
MARC view
- Queyrat, Frédéric,
Entry Nombre Personal
001 - NUMERO DE CONTROL
- campo de control: 47171
003 - IDENTIFICADOR DE NUMERO DE CONTROL
- campo de control: MX-MxUPN
005 - FECHA Y HORA DE LA ÜLTIMA TRANSACCIÓN
- campo de control: 20221020131958.0
008 - DATOS DE LONGITUD FIJA
- campo de control de longitud fija: 221020|| aca||aabn a aaa d
040 ## - FUENTE DE CATALOGACIÓN
- Agencia original de catalogación: MX-MxUPN
- Lenguaje de catalogación: spa
- Agencia de transcripción: MX-MxUPN
100 1# - ENCABEZAMIENTO - NOMBRE PERSONAL
- Nombre personal: Queyrat, Frédéric,
- Fechas asociadas con el nombre: 1858-
400 1# - VEÁSE - NOMBRE DE PERSONA
- Personal name: Queyrat, Federico,
- Dates associated with a name: 1858-
670 ## - FUENTE EN LA QUE SE LOCALIZARON DATOS
- Cita de la fuente: La emulación y su papel en la educación : estudio de psicología aplicada, 1928:
- Información localizada: portada (Federico Queyrat)
670 ## - FUENTE EN LA QUE SE LOCALIZARON DATOS
- Cita de la fuente: Biblioteca del Congreso, 20 octubre 2022:
- Información localizada: (encabezamiento: Queyrat, Frédéric, 1858-)
902 ## - CATALOGADOR
- Catalogador: Víctor Ruiz/201022
